| 000 | 01515nam0a2200361 4500 | ||
|---|---|---|---|
| 001 | RU\NLR\BIBL_A\012031750 | ||
| 005 | 20190701144155.0 | ||
| 010 |
_a978-5-9614-1061-7 _93000 |
||
| 021 |
_aRU _bКН-П-19-036788 _9КН-П-19-2707 |
||
| 035 | _a(NLR Aleph) 012031750 | ||
| 035 | _a(RuMoRGB)009984979 | ||
| 090 |
_a11555897 _c11555897 |
||
| 100 | _a20190606d2019 u y0rusy50 ca | ||
| 101 | 1 | _arus | |
| 102 | _aRU | ||
| 105 | _aa z 000zy | ||
| 200 | 1 |
_aЭнергия полезных привычек _eживи счастливо, работай с удовольствием _fПит Лейбман _gперевод с английского [Заур Мамедьяров] |
|
| 210 |
_aМосква _cАльпина Паблишер _d2019 |
||
| 215 |
_a260 с. _cил., портр. _d22 |
||
| 300 | _aЗагл. и авт. ориг.: Work Stronger / Pete Leibman | ||
| 320 | _aБиблиогр.: с. 257-260 и в подстроч. примеч. | ||
| 333 | _a0+ | ||
| 454 | 1 |
_12001#$aWork Stronger _1700#0$aLeibman$bP.$gPete |
|
| 606 | 1 |
_aПредпринимательство _xСоциально-психологические исследования _2nlr_sh1 _2nlr_sh2 _3RU\NLR\AUTH\661275335 |
|
| 606 | 1 |
_aПсихогигиена _2nlr_sh1 _2nlr_sh2 _3RU\NLR\AUTH\6623393 |
|
| 686 | 1 | _aС550.422.1 | |
| 686 | 1 | _aЮ937.2 | |
| 700 | 1 |
_aЛейбман _bП. _gПит |
|
| 942 | _cBOOK | ||
| 980 | _aNBR | ||
| 980 | _aNB | ||